000 00551nam a2200193Ia 4500
003 OSt
005 20250203140129.0
008 210210b1972 xxu||||| |||| 00| 0 eng d
040 _cAL
041 _aKannada
082 _aK894.3 DEVM
100 _aDEVUDU NARASIMHASHASTRI.
_9135855
_d ದೇವುಡು ನರಸಿಂಹಶಾಸ್ತ್ರಿ
245 _aMuru Kanasu
_bಮೂರು ಕನಸು
260 _aDharavada
_bSamaja Pustakalaya
_c1972
300 _a136
690 _aKannada Fiction
_9135856
906 _a035140
942 _2ddc
_cBK
999 _c86064
_d86064